Transforme su negocio con inteligencia artificial (Registro nro. 17844)

Detalles MARC
000 -LDR (LÍDER)
Campo de control de longitud fija 01804nam a2200373 a 4500
003 - IDENTIFICADOR DEL NÚMERO DE CONTROL
Campo de control CO-PeBPR
005 - FECHA Y HORA DE LA ÚLTIMA TRANSACCIÓN
Campo de control 20260501153300.0
008 - ELEMENTOS DE DATOS DE LONGITUD FIJA--INFORMACIÓN GENERAL
Campo de control de longitud fija 260415e2024 ck a|||| n||| 00| 0 spa c
020 ## - Código Internacional normalizado para libros
Código Internacional normalizado para libros 9789583069383
040 0# - FUENTE DE CATALOGACIÓN
Agencia catalogadora original CO-PeBPR
Idioma de la agencia catalogadora spa
Agencia que transcribe CO-PeBPR
Norma para la descripción rda
041 0# - Código del Idioma
Código idioma del recurso original spa
082 04 - NÚMERO DE CLASIFICACIÓN DECIMAL DEWEY
Número de clasificación 658.0563 D856t
100 1# - ASIENTO PRINCIPAL--NOMBRE PERSONAL
Nombre personal Duffey, Chris
Términos de relación autor
245 10 - MENCIÓN DE TÍTULO
Título propiamente dicho Transforme su negocio con inteligencia artificial
Subtítulo o título paralelo : innovación para superhumanos
Mención de responsabilidad / Chris Duffey ; traducción de Orlando Riaño ; edición de César A. Cardozo Tovar
250 ## - MENCIÓN DE EDICIÓN
Mención de edición Edición especial
264 #1 - Área de la Producción Publicación, Distribución, Manufactura, etc.
Lugar de publicación, distribución, etc. Bogotá, Colombia
Nombre de la editorial, distribuidor, etc. : Panamericana Editorial
Fecha de publicación, distribución, etc. , 2024
300 ## - DESCRIPCIÓN FÍSICA
Extensión 346 páginas
Otros detalles físicos : ilustraciones, gráficos en blanco y negro
Dimensiones ; 23 centímetros
336 ## - Tipo de Contenido
Tipo de contenido texto
Código de tipo de contenido txt
Fuente rdacontenido
337 ## - Tipo de Medio
Tipo de Medio sin mediación
Código de tipo de medio n
Fuente rdamedio
338 ## - Tipo de Soporte
Tipo de soporte volumen
Código de tipo de soporte nc
Fuente rdasoporte
500 ## - NOTA GENERAL
Nota general Incluye índice.
500 ## - NOTA GENERAL
Nota general Contiene datos biográficos del autor.
504 ## - NOTA DE BIBLIOGRAFIA, ETC.
Nota de bibliografía Incluye bibliografía.
520 ## - NOTA DE RESUMEN, ETC.
Nota de sumario Este libro pretende explicar cómo se podrá aprovechar el creciente poder de la inteligencia artificial en todos los ámbitos, en especial en lo relacionado con las relaciones comerciales y laborales. La IA ha revolucionado las industrias en todo el mundo, y amplificará los servicios y experiencias, permitiendo optimizar procesos y obligando a un nuevo relacionamiento y concepción del trabajo humano.
521 ## - NOTA DE AUDIENCIA
Nota de audiencia Recomendado par jóvenes y adultos.
650 14 - ASIENTO SECUNDARIO DE MATERIA - TÉRMINO TEMÁTICO
Fuente del encabezado o término LEMB
Encabezamiento temático Administración de empresas
650 14 - ASIENTO SECUNDARIO DE MATERIA - TÉRMINO TEMÁTICO
Fuente del encabezado o término LEMB
Encabezamiento temático Inteligencia artificial
650 14 - ASIENTO SECUNDARIO DE MATERIA - TÉRMINO TEMÁTICO
Fuente del encabezado o término LEMB
Encabezamiento temático Innovaciones tecnológicas
650 14 - ASIENTO SECUNDARIO DE MATERIA - TÉRMINO TEMÁTICO
Fuente del encabezado o término LEMB
Encabezamiento temático Inteligencia artificial en los negocios
650 14 - ASIENTO SECUNDARIO DE MATERIA - TÉRMINO TEMÁTICO
Fuente del encabezado o término LEMB
Encabezamiento temático Aptitud creadora en los negocios
700 1# - ASIENTO SECUNDARIO - NOMBRE PERSONAL
Nombre personal Riaño, Orlando
Término de relación, rol en la obra traductor
700 1# - ASIENTO SECUNDARIO - NOMBRE PERSONAL
Nombre personal Cardozo Tovar, César A.
Término de relación, rol en la obra editor
942 ## - ENTRADA DE ELEMENTOS AGREGADOS (KOHA
Fuente de clasificación o esquema de estantería. Dewey Decimal Classification
Tipo de ítem Libro
Existencias
Estado de pérdida Fuente del sistema de clasificación o colocación Estado de daño No disponible para préstamo Colección Biblioteca de origen Biblioteca actual Ubicación en estantería Signatura topográfica completa Ejemplar Código de barras Tipo de ítem Fecha de adquisición Fuente de adquisición Total de pagos Fecha de la última vez visto
  Dewey Decimal Classification     General Sala de Patrimonio Bibliográfico y Documental - Biblioteca Departamental Sala de Patrimonio Bibliográfico y Documental - Biblioteca Departamental Área General 658.0563 D856t Ej.1 RIBPD16026 Libro 01/05/2026 Dotación MinCultura y BNC   01/05/2026